Faculty of Law Library — Cairo University

Official Online Catalog

La Sudditanza Nel Diritto Internazionale / (Record no. 69758)

MARC details
000 -LEADER
fixed length control field 00980nam a2200301 4500
003 - CONTROL NUMBER IDENTIFIER
control field EG-GICUC
005 - DATE AND TIME OF LATEST TRANSACTION
control field 20260408153837.0
008 - FIXED-LENGTH DATA ELEMENTS--GENERAL INFORMATION
fixed length control field 260408s1936 it |||f |||| 00| 0 ita d
040 ## - CATALOGING SOURCE
Original cataloging agency EG-GICUC
Language of cataloging ita
Transcribing agency EG-GICUC
Modifying agency EG-GICUC
Description conventions rda
082 04 - DEWEY DECIMAL CLASSIFICATION NUMBER
Classification number 341.1
Item number Q U . S
Edition number 21
092 04 - LOCALLY ASSIGNED DEWEY CALL NUMBER (OCLC)
Edition number 21
099 ## - LOCAL FREE-TEXT CALL NUMBER (OCLC)
Classification number Law1 11 341.1 Q U . S 1936
100 1# - MAIN ENTRY--PERSONAL NAME
Personal name Quadri Rolando
Relator term Author.
110 ## - MAIN ENTRY--CORPORATE NAME
Form subheading Studi Di Diritto Pubblico
245 #3 - TITLE STATEMENT
Title La Sudditanza Nel Diritto Internazionale /
Statement of responsibility, etc. di Rolando Quadri.
264 ## - PRODUCTION, PUBLICATION, DISTRIBUTION, MANUFACTURE, AND COPYRIGHT NOTICE
Place of production, publication, distribution, manufacture Cedam:
Name of producer, publisher, distributor, manufacturer Casa Editrice Dott. Antonio Milani,
Date of production, publication, distribution, manufacture, or copyright notice 1936.
300 ## - PHYSICAL DESCRIPTION
Extent 325 Pages ;
Dimensions 24 Cm.
Other physical details illustrations,
336 ## - CONTENT TYPE
Source rda content
Content type term text
337 ## - MEDIA TYPE
Source rda media
Media type term Computer
338 ## - CARRIER TYPE
Source rda carrier
Carrier type term Online Resource
504 ## - BIBLIOGRAPHY, ETC. NOTE
Bibliography, etc. note Bibliography: pages 200-250.
546 ## - LANGUAGE NOTE
Language note Text in Italian
650 14 - SUBJECT ADDED ENTRY--TOPICAL TERM
Topical term or geographic name entry element Droit international public
Source of heading or term qrmak
651 1# - SUBJECT ADDED ENTRY--GEOGRAPHIC NAME
Source of heading or term qrmak
856 40 - ELECTRONIC LOCATION AND ACCESS
Uniform Resource Identifier <a href="https://fll.law.cu.edu.eg/fulltext/bks/B11-06826.pdf">https://fll.law.cu.edu.eg/fulltext/bks/B11-06826.pdf</a>
905 ## - Cataloger and Reviser Names
Cataloger Name: Hoda
942 ## - ADDED ENTRY ELEMENTS (KOHA)
Source of classification or shelving scheme Dewey Decimal Classification
Koha item type Books
Edition 21
Suppress in OPAC No
Holdings
Withdrawn status Lost status Source of classification or shelving scheme Damaged status Not for loan Collection Home library Current library Date acquired Total checkouts Full call number Barcode Date last seen Copy number Price effective from Koha item type
    Dewey Decimal Classification   Not for loan القانون الدولي العام جــــامعة القــاهرة مكتبة كلية الحقوق - المبنى الرئيسي 08.04.2026   Law1 11 341.1 Q U . S 1936 1106826 C1 B11-06826 08.04.2026 1 08.04.2026 Books

© All rights reserved — Faculty of Law, Cairo University